| 000 | 00678nam a2200217 a 4500 | ||
|---|---|---|---|
| 999 |
_c3816 _d3816 |
||
| 001 | 3816 | ||
| 003 | BD-JhCC | ||
| 005 | 20180304085308.0 | ||
| 008 | 171118s bg a|||| ||a| 000 0 ben d | ||
| 035 | _a(BD-JhCC) 3816 | ||
| 040 |
_aBD-JhCC _dBD-JhCC |
||
| 041 | _aben | ||
| 082 |
_a910.8 _bMAH |
||
| 100 | _aমাহমুদ, ফারুক | ||
| 245 |
_aদ্বীপমালার দেশ ইন্দোনেশিয়া / _cফারুক মাহমুদ |
||
| 260 |
_aঢাকা : _bইসলামিয়া লাইব্রেরী ঢাকা, |
||
| 300 |
_a79 cm . _c18 cm . |
||
| 650 | _aTravalagele | ||
| 942 |
_2ddc _cBK |
||